Sociálne poistenie v Európskej únii Belgicko
Pokračovanie článku z predchádzajúceho čísla. Podmienky zdravotného a nemocenského poistenia v Belgicku. Úrazové poistenie a choroby z povolania. Poistenie v nezamestnanosti. Rodinné dávky.
Salvato in:
| Autore principale: | |
|---|---|
| Natura: | Capitolo di libro |
| Lingua: | slovacco |
| Soggetti: | |
| Tags: |
Nessun Tag, puoi essere il primo ad aggiungerne!!
|
MARC
| LEADER | 00000naa$a2200000$$$4500 | ||
|---|---|---|---|
| 001 | 0067794 | ||
| 005 | 20230925074717.3 | ||
| 041 | 0 | |a slo | |
| 044 | |a SK | ||
| 245 | 1 | 0 | |a Sociálne poistenie v Európskej únii |b Belgicko |c Lenka Pastorková |
| 520 | |a Pokračovanie článku z predchádzajúceho čísla. Podmienky zdravotného a nemocenského poistenia v Belgicku. Úrazové poistenie a choroby z povolania. Poistenie v nezamestnanosti. Rodinné dávky. | ||
| 610 | 2 | 0 | |a poistenie zdravotné |
| 610 | 2 | 0 | |a poistenie nemocenské |
| 610 | 2 | 0 | |a poistenie v nezamestnanosti |
| 610 | 2 | 0 | |a poistenie úrazové |
| 610 | 2 | 0 | |a prídavky na deti |
| 610 | 2 | 0 | |a Belgicko |
| 100 | 1 | |a Pastorková, Lenka | |